Opis a ukážky vykonávania štatistických analýz pomocou doplnku Analytické nástroje programu Excel bakalárska práca
Uložené v:
| Hlavný autor: | |
|---|---|
| Korporativný autor: | |
| Ďalší autori: | |
| Médium: | Kniha |
| Jazyk: | Slovak |
| Vydavateľské údaje: |
Bratislava
2009
|
| Tagy: |
Žiadne tagy, Buďte prvý, kto otaguje tento záznam!
|
MARC
| LEADER | 00000nam$a2200000$$$4500 | ||
|---|---|---|---|
| 001 | 0102298 | ||
| 005 | 20240318134808.6 | ||
| 041 | 0 | |a slo | |
| 044 | |a SK | ||
| 245 | 1 | 0 | |a Opis a ukážky vykonávania štatistických analýz pomocou doplnku Analytické nástroje programu Excel |b bakalárska práca |c Kristína Šubínová ; škol. Erik Šoltés |
| 264 | 1 | |a Bratislava |c 2009 | |
| 300 | |a 31 s. | ||
| 100 | 1 | |a Šubínová, Kristína | |
| 700 | 1 | |a Šoltés, Erik, 1974- | |
| 710 | 2 | |a Fakulta hospodárskej informatiky EU. Katedra účtovníctva a audítorstva | |